| 000 | 00584nam a2200229Ia 4500 | ||
|---|---|---|---|
| 005 | 20250425162047.0 | ||
| 008 | 250425s9999 xx 000 0 und d | ||
| 020 | _a9701024346 | ||
| 041 | _aspa | ||
| 082 | _a745.2 | ||
| 100 | _aMORGAN, MAX J. | ||
| 245 | 0 | _aLOGOS: LOGOTIPOS, IDENTIDAD, MARCA, CULTURA | |
| 250 | _a1A ED. | ||
| 260 | _aMEXICO | ||
| 260 |
_aMéxico _bMCGRAW-HILL _c1999 |
||
| 300 | _a160 | ||
| 500 | _aTítulo Traducido: LOGO LOGO, INDETITY, BRAND, CULTURE | ||
| 650 | _aLOGOTIPOS | ||
| 700 |
_aINDEX BOOK _etraductor |
||
| 942 | _c01 | ||
| 010 | _a45113 | ||
| 999 |
_c221539 _d221539 |
||